| 000 | 00480nam a22001937a 4500 | ||
|---|---|---|---|
| 003 | OSt | ||
| 008 | 250424b |||||||| |||| 00| 0 eng d | ||
| 020 | _a93899108012 | ||
| 082 | _a615.321 LOH | ||
| 100 | _aLodhi, Santram | ||
| 245 | _aText Book of Herbal Drug Technology | ||
| 250 | _a4th | ||
| 260 |
_aDelhi _bNirali Pub. _c2023 |
||
| 300 | _a12.14 | ||
| 650 | _aHerbal Drug Technology | ||
| 700 | _aUsman, Md. Rageeb | ||
| 700 | _aDeshmukh & Darvhekar | ||
| 942 |
_2ddc _cBK |
||
| 999 |
_c13403 _d13403 |
||